Burket's Oral medicine : (Record no. 1883)

000 -LEADER
fixed length control field 01238cam a2200373 a 4500
003 - CONTROL NUMBER IDENTIFIER
control field OSt
005 - DATE AND TIME OF LATEST TRANSACTION
control field 20210701100125.0
008 - FIXED-LENGTH DATA ELEMENTS--GENERAL INFORMATION
fixed length control field 830425s1984 paua b 001 0 eng
020 ## - INTERNATIONAL STANDARD BOOK NUMBER
International Standard Book Number 0397521065
040 ## - CATALOGING SOURCE
Transcribing agency DLC
050 00 - LIBRARY OF CONGRESS CALL NUMBER
Classification number RC815
Item number .B83 1984
060 ## - NATIONAL LIBRARY OF MEDICINE CALL NUMBER
Classification number WU 140 B959o
100 1# - MAIN ENTRY--PERSONAL NAME
Personal name Burket, Lester W.
Dates associated with a name 1907-
245 10 - TITLE STATEMENT
Title Burket's Oral medicine :
Remainder of title diagnosis and treatment /
Statement of responsibility, etc. edited by Malcolm A. Lynch ; associate editors, Vernon J. Brightman, Martin S. Greenberg.
250 ## - EDITION STATEMENT
Edition statement 8th ed.
260 ## - PUBLICATION, DISTRIBUTION, ETC.
Place of publication, distribution, etc. Philadelphia :
Name of publisher, distributor, etc. Lippincott,
Date of publication, distribution, etc. c1984.
300 ## - PHYSICAL DESCRIPTION
Extent xviii, 958 p. :
Other physical details ill. ;
Dimensions 27 cm.
504 ## - BIBLIOGRAPHY, ETC. NOTE
Bibliography, etc. note Includes bibliographies and index.
650 #0 - SUBJECT ADDED ENTRY--TOPICAL TERM
Topical term or geographic name entry element Mouth
General subdivision Diseases.
650 #0 - SUBJECT ADDED ENTRY--TOPICAL TERM
Topical term or geographic name entry element Oral manifestations of general diseases.
650 #0 - SUBJECT ADDED ENTRY--TOPICAL TERM
Topical term or geographic name entry element Teeth
General subdivision Diseases.
650 #2 - SUBJECT ADDED ENTRY--TOPICAL TERM
Topical term or geographic name entry element Oral medicine, Diagnosis and treatment.
650 #2 - SUBJECT ADDED ENTRY--TOPICAL TERM
Topical term or geographic name entry element Mouth diseases.
700 1# - ADDED ENTRY--PERSONAL NAME
Personal name Lynch, Malcolm A.
700 1# - ADDED ENTRY--PERSONAL NAME
Personal name Brightman, Vernon J.
Fuller form of name (Vernon John),
Dates associated with a name 1930-
700 1# - ADDED ENTRY--PERSONAL NAME
Personal name Greenberg, Martin S.,
Dates associated with a name 1940-
906 ## - LOCAL DATA ELEMENT F, LDF (RLIN)
a 7
b cbc
c orignew
d 1
e ocip
f 19
g y-gencatlg
942 ## - ADDED ENTRY ELEMENTS (KOHA)
Source of classification or shelving scheme
Koha item type Book
Suppress in OPAC JE
Holdings
Withdrawn status Lost status Source of classification or shelving scheme Damaged status Not for loan Permanent Location Current Location Shelving location Date acquired Total Checkouts Full call number Barcode Date last seen Price effective from Koha item type Public note
          AU LIBRARY AU LIBRARY Open Shelf 01.07.2021   RC815 .B83 1984 28003278 01.07.2021 01.07.2021 Book JE

Powered by Koha